[Event "Chigorin Memorial 2014"]
[Site "St Petersburg RUS"]
[Date "2014.10.22"]
[Round "5.144"]
[White "Sakorenko, Adriana"]
[Black "Radkov, Bazhen D."]
[Result "0-1"]
[WhiteElo "1893"]
[BlackElo "2160"]
[WhiteFideId "34130249"]
[BlackFideId "24170593"]
[EventDate "2014.10.18"]

1. e4 e5 2. Nf3 Nc6 3. Bb5 a6 4. Bxc6 dxc6 5. O-O Bg4 6. h3 Bh5 7. d3 f6 8. Be3
Bd6 9. Nbd2 c5 10. Re1 Ne7 11. c3 Bf7 12. Nb3 b6 13. d4 cxd4 14. cxd4 exd4 15.
Nbxd4 c5 16. Ne2 O-O 17. Bf4 Bxf4 18. Qxd8 Rfxd8 19. Nxf4 Nc6 20. a3 Nd4 21.
Nxd4 Rxd4 22. Rad1 Rad8 23. Rxd4 Rxd4 24. f3 Rd2 25. b4 c4 26. Re3 Kf8 27. Kf1
Ke7 28. Ke1 Ra2 29. Ne2 g5 30. g4 Kd6 31. Rc3 Ra1+ 32. Kf2 a5 33. bxa5 bxa5 34.
Nd4 Rd1 35. Nc2 Rd2+ 36. Ke3 Rd1 37. Kf2 Ke5 38. Re3 Kf4 39. Re1 0-1

[Event "Chigorin Memorial 2014"]
[Site "St Petersburg RUS"]
[Date "2014.10.22"]
[Round "5.145"]
[White "Pogosian, Vladimir"]
[Black "Kokhnover, Ilya"]
[Result "0-1"]
[WhiteElo "2156"]
[BlackElo "1840"]
[WhiteFideId "13301586"]
[BlackFideId "24159174"]
[EventDate "2014.10.18"]

1. f4 c5 2. Nf3 Nc6 3. b3 d5 4. Bb2 Nf6 5. e3 a6 6. Be2 Bf5 7. O-O e6 8. Qe1
Bxc2 9. Ne5 Bg6 10. Nxc6 bxc6 11. Nc3 Bd6 12. Na4 O-O 13. g4 h6 14. h4 Re8 15.
g5 hxg5 16. hxg5 Ne4 17. Bf3 Nxg5 18. Bg2 Nh7 19. Rc1 c4 20. bxc4 Be7 21. cxd5
cxd5 22. Be5 Bd6 23. Bd4 Qa5 24. Nc3 Ba3 25. Rd1 Be7 26. f5 Bxf5 27. Nxd5 Rac8
28. Bc3 Qd8 29. Nf4 Bh4 30. Qe2 Qg5 31. Qxa6 e5 32. Qb7 exf4 33. Rxf4 Bg3 34.
Ra4 Qh5 0-1

[Event "Chigorin Memorial 2014"]
[Site "St Petersburg RUS"]
[Date "2014.10.22"]
[Round "5.146"]
[White "Leite, Catarina"]
[Black "Shilnikov, Igor S."]
[Result "1/2-1/2"]
[WhiteTitle "WIM"]
[WhiteElo "2154"]
[BlackElo "1839"]
[WhiteFideId "1901222"]
[BlackFideId "4155653"]
[EventDate "2014.10.18"]

1. e4 e5 2. Nf3 Nc6 3. Bc4 Bc5 4. d3 h6 5. a3 d6 6. b4 Bb6 7. Nc3 Nd4 8. Nxd4
Bxd4 9. Qd2 Nf6 10. Rb1 c6 11. Ne2 Bb6 12. O-O O-O 13. Ng3 Ng4 14. h3 Qh4 15.
Nf5 Bxf5 16. exf5 Nf6 17. Qe2 d5 18. Bb3 e4 19. Bb2 Rfe8 20. d4 Qf4 21. Bc1 Qxf5
22. Be3 Bc7 23. b5 Qe6 24. Rfc1 Qd6 25. g3 Qd7 26. Kg2 cxb5 27. Ba2 a6 28. a4
Bd6 29. axb5 axb5 30. Bb3 b4 31. Re1 Ra5 32. Ra1 Rea8 33. Rxa5 Rxa5 34. Rb1 Qf5
35. Bd2 Nh7 36. Be3 Ng5 37. Bxg5 Qxg5 38. Qe3 Qd8 39. f3 exf3+ 40. Qxf3 Bc7 41.
Re1 Qd7 42. Re2 Kf8 43. Qd3 Kg8 44. Qf3 Ra6 45. Qxd5 Rd6 46. Qxf7+ Qxf7 47. Re8+
Kh7 48. Bxf7 Rxd4 49. Kf3 Rd6 50. Bg8+ Kg6 51. Re6+ Rxe6 52. Bxe6 Kf6 53. Bd5 b6
54. Bb3 Ke5 55. Ke3 Bd6 56. Bc4 Bc5+ 57. Kf3 Kd4 58. Bb3 Kc3 59. h4 Bd4 60. h5 1/2-1/2

[Event "Chigorin Memorial 2014"]
[Site "St Petersburg RUS"]
[Date "2014.10.22"]
[Round "5.147"]
[White "Stasenko, Alexey"]
[Black "Smirnov, Mikhail"]
[Result "0-1"]
[WhiteElo "1874"]
[BlackElo "2147"]
[WhiteFideId "24172006"]
[BlackFideId "4146123"]
[EventDate "2014.10.18"]

1. e4 e5 2. Nf3 Nc6 3. d4 exd4 4. Nxd4 Qh4 5. Nc3 Bb4 6. Nb5 Ba5 7. Bd2 a6 8.
Na3 b5 9. Bd3 Nf6 10. g3 Qh3 11. Nd5 Nxd5 12. exd5 Bxd2+ 13. Qxd2 Ne7 14. O-O-O
O-O 15. Be4 d6 16. Qa5 Qd7 17. f4 Bb7 18. c3 Rfe8 19. Rhe1 Rac8 20. Qb4 Qh3 21.
Qd4 Rcd8 22. Nc2 Nf5 23. Qa7 Bc8 24. Qxc7 Qxh2 25. Nb4 Qxg3 26. Nd3 g6 27. Kb1
Kg7 28. a3 Rd7 29. Qb6 Rde7 30. Ne5 Qxf4 31. Nd3 Qg3 32. Qc6 Bd7 33. Qb7 Ne3 34.
Rg1 Qh4 35. Bf3 Nxd1 36. Rxd1 Qg3 37. Bh1 Bg4 0-1

[Event "Chigorin Memorial 2014"]
[Site "St Petersburg RUS"]
[Date "2014.10.22"]
[Round "5.148"]
[White "Nikitinyh, Boris"]
[Black "Shapar, Tatiana"]
[Result "1/2-1/2"]
[WhiteElo "2138"]
[BlackElo "1877"]
[WhiteFideId "4198328"]
[BlackFideId "24174840"]
[EventDate "2014.10.18"]

1. e4 d5 2. exd5 Nf6 3. Nf3 Bg4 4. Be2 Qxd5 5. O-O Nc6 6. h3 h5 7. d4 Bxf3 8.
Bxf3 Qd7 9. c3 O-O-O 10. Na3 e5 11. dxe5 Nxe5 12. Qxd7+ Rxd7 13. Be2 Bc5 14. b4
Bb6 15. Bf4 Nd3 16. Bxd3 Rxd3 17. Nc4 Nd5 18. Nxb6+ axb6 19. Be5 Nxc3 20. Bxg7
Rg8 21. Be5 Nd5 22. a3 Re8 23. Bg3 c5 24. Rfd1 Rd4 25. Kf1 Ree4 26. Rac1 c4 27.
Rxd4 Rxd4 28. Be5 Re4 29. Re1 Rxe1+ 30. Kxe1 b5 31. Ke2 Kd7 32. g3 f6 33. Bd4
Ke6 34. Bb2 f5 35. Bd4 Nf6 36. f3 Nd5 37. Kd2 Nf6 38. Bb2 Nd5 39. Ke2 Kf7 40.
Bc1 Ke6 41. Bb2 Kf7 42. Bd4 Kg6 43. Bb2 f4 44. g4 Kg5 45. Bd4 Kh4 46. Bf2+ Kg5
47. Be1 Ne3 48. Kd2 Nd5 49. Bf2 Kg6 50. Bh4 Kh6 1/2-1/2

[Event "Chigorin Memorial 2014"]
[Site "St Petersburg RUS"]
[Date "2014.10.22"]
[Round "5.149"]
[White "Nordstrom, Hakon N"]
[Black "Dyakonova, Ekaterina"]
[Result "0-1"]
[WhiteElo "1847"]
[BlackElo "2112"]
[WhiteFideId "1513710"]
[BlackFideId "24172936"]
[EventDate "2014.10.18"]

1. e4 c6 2. d4 d5 3. Nc3 dxe4 4. Nxe4 Bf5 5. Ng3 Bg6 6. h4 h6 7. h5 Bh7 8. Nf3
e6 9. Bd3 Bxd3 10. Qxd3 Nf6 11. Bf4 Qa5+ 12. Bd2 Bb4 13. O-O Bxd2 14. Nxd2 O-O
15. Nde4 Nbd7 16. c4 Rfd8 17. Nd6 Qc7 18. c5 Ne8 19. Nge4 Ndf6 20. Nxe8 Nxe8 21.
Rad1 Rd5 22. g4 Rad8 23. Rd2 Qf4 0-1

[Event "Chigorin Memorial 2014"]
[Site "St Petersburg RUS"]
[Date "2014.10.22"]
[Round "5.150"]
[White "Sorokopudov, Vladimir M."]
[Black "Krasnikov, Mikhail"]
[Result "1-0"]
[WhiteElo "2091"]
[BlackElo "1828"]
[WhiteFideId "24153052"]
[BlackFideId "24113140"]
[EventDate "2014.10.18"]

1. d4 Nf6 2. c4 g6 3. Nc3 Bg7 4. e4 d6 5. f3 O-O 6. Be3 e5 7. d5 c6 8. Qd2 cxd5
9. cxd5 a6 10. Nge2 Ne8 11. g4 f5 12. gxf5 gxf5 13. Bg5 Nf6 14. Ng3 fxe4 15.
Ngxe4 Nxe4 16. Nxe4 Qb6 17. O-O-O Rxf3 18. Be2 Rf4 19. Bxf4 exf4 20. Nc3 Be5 21.
Bd3 Nd7 22. Rhg1+ Kh8 23. Qg2 Qd8 24. Bxh7 Nc5 25. Qg6 Qf8 26. Qh5 Bg7 27. Bc2+
Kg8 28. Qh7+ Kf7 29. Bg6+ Ke7 30. Rde1+ Be6 31. Bf5 1-0

[Event "Chigorin Memorial 2014"]
[Site "St Petersburg RUS"]
[Date "2014.10.22"]
[Round "5.151"]
[White "Bimiev, Ahmad"]
[Black "Bezulenko, Evgeny"]
[Result "1/2-1/2"]
[WhiteElo "2090"]
[BlackElo "1827"]
[WhiteFideId "24102938"]
[BlackFideId "24105996"]
[EventDate "2014.10.18"]

1. Nf3 Nf6 2. c4 e6 3. g3 b6 4. Bg2 Bb7 5. O-O Be7 6. Nc3 O-O 7. d4 Ne4 8. Qd3
Nxc3 9. Qxc3 Bf6 10. Bf4 d6 11. Rfe1 Nd7 12. Rad1 Qe7 13. e4 e5 14. dxe5 dxe5
15. Bc1 Nc5 16. Qa3 Rfd8 17. Be3 Nd7 18. Qxe7 Bxe7 19. Bh3 Bd6 20. Bxd7 Rxd7 21.
c5 bxc5 22. Bxc5 f6 23. Nh4 g6 24. Ng2 Rad8 25. Bxd6 Rxd6 26. Rxd6 Rxd6 27. Re2
Rd1+ 28. Ne1 Kf7 29. f3 Ba6 30. Re3 Ke6 31. g4 Bb5 32. b3 f5 33. exf5+ gxf5 34.
gxf5+ Kxf5 35. a4 Ba6 36. Kf2 Rd2+ 37. Kg3 Re2 38. Ng2 Rxe3 39. Nxe3+ Ke6 40.
Kg4 Be2 41. Kg3 Kd6 42. b4 c5 43. bxc5+ Kxc5 44. Ng4 Kb4 45. Nxe5 Kxa4 46. Kf2
Bb5 47. Ke3 a5 48. f4 Kb3 49. Kd2 a4 50. Ke1 Kc3 51. f5 Kd4 52. f6 Be8 53. f7
Bxf7 54. Nxf7 Ke3 1/2-1/2

[Event "Chigorin Memorial 2014"]
[Site "St Petersburg RUS"]
[Date "2014.10.22"]
[Round "5.152"]
[White "Hyoetylae, Tapio"]
[Black "Zhdanov, Petr"]
[Result "0-1"]
[WhiteElo "1840"]
[BlackElo "2040"]
[WhiteFideId "501026"]
[BlackFideId "24105929"]
[EventDate "2014.10.18"]

1. d4 Nf6 2. c4 e6 3. Nc3 Bb4 4. a3 Bxc3+ 5. bxc3 b6 6. e3 Bb7 7. Ne2 Nc6 8. Ng3
Ba6 9. e4 O-O 10. e5 Ne8 11. Bd3 d6 12. f4 Na5 13. O-O Bxc4 14. Rf3 dxe5 15.
fxe5 c5 16. Bc2 cxd4 17. cxd4 f6 18. exf6 Nxf6 19. Bb2 Rc8 20. Rc1 Bd5 21. Rf2
Nc4 22. Bc3 Ne3 23. Qd3 Nxc2 24. Rfxc2 Rc7 25. Bb2 Rff7 26. Rxc7 Rxc7 27. Rxc7
Qxc7 28. Qc3 Qxc3 29. Bxc3 Kf8 30. Nf1 Ke8 31. Ne3 Kd7 32. Kf1 Kc6 33. Bb4 Kb5
34. Ke2 a5 35. Be7 Ka4 36. Kd3 b5 37. Kc3 Bxg2 38. Kb2 Bd5 39. Bf8 g6 40. Be7
Ne4 41. Bf8 h5 42. Bg7 g5 43. Be5 Nd2 44. Bd6 g4 45. Bg3 Nf3 46. Nd1 b4 47. axb4
Kxb4 48. Bd6+ Kc4 49. Ka3 Kxd4 50. Bg3 Kd3 51. Ka4 Ke2 52. Nc3+ Kf1 53. Nd1 Kg2
54. Ne3+ Kg1 55. Kxa5 Nxh2 56. Bh4 Nf3 57. Bg3 Nd4 58. Be1 Nf5 59. Nd1 g3 60.
Kb4 g2 0-1

[Event "Chigorin Memorial 2014"]
[Site "St Petersburg RUS"]
[Date "2014.10.22"]
[Round "5.153"]
[White "Gorin, Alexandr1"]
[Black "Shinkevich, Maksim"]
[Result "0-1"]
[WhiteElo "2000"]
[BlackElo "1825"]
[WhiteFideId "4190378"]
[BlackFideId "24176389"]
[EventDate "2014.10.18"]

1. Nf3 c5 2. g3 d5 3. Bg2 Nc6 4. O-O e5 5. d3 Be7 6. Nc3 Be6 7. e4 d4 8. Ne2 c4
9. Ne1 cxd3 10. Nxd3 Qc7 11. f4 f6 12. Bd2 O-O-O 13. a3 h5 14. h3 g5 15. f5 Bf7
16. Nec1 Kd7 17. Nb4 Bc5 18. Ncd3 Bb6 19. Nxc6 bxc6 20. Qe2 c5 21. b3 Ne7 22.
Rfc1 h4 23. g4 Nc6 24. Kh1 Ke7 25. Bf1 Kf8 26. Qg2 c4 27. bxc4 Bxc4 28. Nb4 Nxb4
29. Bxb4+ Kg7 30. Bd3 Rc8 31. Bd2 Qb7 32. a4 Qa6 33. Qe2 Rc6 34. a5 Bc7 35. Rcb1
Rc8 36. Bxc4 Rxc4 37. Qd3 Bd6 38. Ra2 Qc6 39. Rbb2 Rc7 40. a6 Ra4 41. Kg2 Qc4
42. Qxc4 Raxc4 43. Kf3 Kf7 44. Ke2 Ke7 45. Kd3 R4c6 46. Ba5 Rd7 47. Bb4 Rb6 48.
Ba5 Rc6 49. Bb4 Bxb4 50. Rxb4 Rc3+ 51. Kd2 Rxh3 52. Rb7 Rc3 53. Rab2 Rcc7 54.
Rb8 Rc6 55. Rh8 Rxa6 56. Rbb8 Kd6 57. Rhf8 Kc5 58. Rh8 Rb6 59. Rbc8+ Kb4 60. Kd3
a5 61. Rc4+ Kb5 62. Rhc8 Rdd6 63. R8c5+ Ka6 64. Ra4 Rb5 65. Rc8 Kb7 66. Rh8 Rc6
67. Rh7+ Kb6 68. Ra2 Rb4 69. Rh8 a4 70. Ra1 Rcc4 71. Ra2 Rc3+ 72. Kd2 a3 73. Rb2
axb2 74. Rb8+ Kc7 75. Rc8+ Kxc8 0-1

[Event "Chigorin Memorial 2014"]
[Site "St Petersburg RUS"]
[Date "2014.10.22"]
[Round "5.154"]
[White "Kopasov, Evgeny"]
[Black "Zilbershtein, Victor"]
[Result "1-0"]
[WhiteElo "1997"]
[BlackElo "1814"]
[WhiteFideId "4181239"]
[BlackFideId "2810441"]
[EventDate "2014.10.18"]

1. d4 Nf6 2. Bf4 d6 3. e3 g6 4. Nf3 Bg7 5. Nbd2 O-O 6. h3 Nbd7 7. c3 Re8 8. e4
c5 9. Qc2 cxd4 10. cxd4 Nb6 11. Bd3 Bd7 12. O-O Rc8 13. Qb3 h6 14. Rfc1 Be6 15.
Qa3 a6 16. Qb4 g5 17. Be3 Rxc1+ 18. Rxc1 d5 19. e5 Nfd7 20. Nf1 g4 21. hxg4 Bxg4
22. N3h2 Be6 23. Qd2 Nc4 24. Bxc4 dxc4 25. Bxh6 Bxh6 26. Qxh6 Nf8 27. Rc3 Ng6
28. Rg3 Bf5 29. Ne3 Bd3 30. Nf3 e6 31. Ng5 Re7 32. Nh7 1-0

[Event "Chigorin Memorial 2014"]
[Site "St Petersburg RUS"]
[Date "2014.10.22"]
[Round "5.155"]
[White "Shapianov, Adam"]
[Black "Sindarov, Javokhir"]
[Result "0-1"]
[WhiteElo "1807"]
[BlackElo "1979"]
[WhiteFideId "34137030"]
[BlackFideId "14205483"]
[EventDate "2014.10.18"]

1. e4 e5 2. Nf3 Nc6 3. Bb5 g6 4. d4 exd4 5. Nxd4 Bg7 6. Nxc6 bxc6 7. Bc4 Ne7 8.
O-O O-O 9. Nc3 Rb8 10. Bb3 d6 11. Bg5 h6 12. Be3 c5 13. Qd2 Kh7 14. Rad1 Qe8 15.
f4 Ba6 16. f5 Bxf1 17. Rxf1 Ng8 18. Qd3 Bxc3 19. bxc3 Nf6 20. Bd5 Nxd5 21. exd5
Qe5 22. Qd2 g5 23. f6 Rfe8 24. Qd3+ Qe4 25. Kf2 Rb2 26. Qxe4+ Rxe4 27. Kf3 Ra4
28. Bd2 Rxc2 29. Ke3 Raxa2 30. Rd1 Kg6 0-1

[Event "Chigorin Memorial 2014"]
[Site "St Petersburg RUS"]
[Date "2014.10.22"]
[Round "5.156"]
[White "Smiyan, Vladimir"]
[Black "Gogin, Artem"]
[Result "0-1"]
[WhiteElo "1994"]
[BlackElo "1815"]
[WhiteFideId "14129248"]
[BlackFideId "34103780"]
[EventDate "2014.10.18"]

1. d4 d5 2. Nf3 Nf6 3. Bf4 e6 4. e3 Bd6 5. Bg3 O-O 6. Nbd2 b6 7. Bd3 Bb7 8. Ne5
Nbd7 9. Ndf3 Ne4 10. Qe2 Ndf6 11. Bh4 c5 12. c3 cxd4 13. exd4 Qc7 14. Rc1 Nh5
15. Bg3 f6 16. Ng4 Nf4 17. Bxf4 Bxf4 18. Rc2 Rae8 19. g3 Bd6 20. Nd2 Nxd2 21.
Qxd2 e5 22. O-O Qd7 23. Be2 e4 24. Ne3 f5 25. Ng2 Qe7 26. Bb5 Rd8 27. f4 a6 28.
Be2 h6 29. h4 g5 30. Qe3 gxh4 31. Nxh4 Qf7 32. Kh1 Kh7 33. Rg1 Rg8 34. Bd1 Rg7
35. Rh2 Rdg8 36. Rh3 Bc8 37. Rg2 Qc7 38. Be2 b5 39. a3 Be6 40. Kh2 Rg4 41. Kh1
Rxg3 42. Rgxg3 Bxf4 0-1

[Event "Chigorin Memorial 2014"]
[Site "St Petersburg RUS"]
[Date "2014.10.22"]
[Round "5.157"]
[White "Beltyukov, Denis"]
[Black "Gutkind, Kedem"]
[Result "1-0"]
[WhiteElo "1781"]
[BlackElo "1993"]
[WhiteFideId "24139068"]
[BlackFideId "1046519"]
[EventDate "2014.10.18"]

1. d4 Nf6 2. c4 g6 3. Nc3 Bg7 4. e4 d6 5. Nf3 O-O 6. Be2 e5 7. O-O Nc6 8. d5 Ne7
9. Ne1 Nd7 10. Be3 f5 11. f3 f4 12. Bf2 g5 13. b4 b6 14. c5 bxc5 15. bxc5 Nxc5
16. Bxc5 dxc5 17. Bc4 Kh8 18. Nd3 Nc6 19. Kh1 Nd4 20. Nxc5 Qe7 21. Nb3 h5 22.
Nxd4 exd4 23. Nb5 g4 24. Rc1 g3 25. h3 Qh4 26. Qd2 d3 27. e5 Bxe5 28. Rfe1 Bg7
29. Re4 Rb8 30. Bxd3 Bf5 31. Rxf4 Qg5 32. h4 Qh6 33. Rc6 Rf6 34. Bxf5 Rxb5 35.
Qe1 Rxc6 36. dxc6 Re5 37. Qxg3 Qd6 38. Qg5 Rxf5 39. Qxf5 Qh6 40. Re4 1-0

[Event "Chigorin Memorial 2014"]
[Site "St Petersburg RUS"]
[Date "2014.10.22"]
[Round "5.158"]
[White "Fokin, Anatoly"]
[Black "Bezstrakhov, Dmitry"]
[Result "1-0"]
[WhiteElo "1765"]
[BlackElo "1987"]
[WhiteFideId "24124451"]
[BlackFideId "34183768"]
[EventDate "2014.10.18"]

1. d4 Nf6 2. c4 e6 3. Nc3 d5 4. Bg5 Be7 5. e3 O-O 6. Nf3 c6 7. a3 Re8 8. b4 Nbd7
9. c5 h6 10. Bh4 e5 11. dxe5 Ng4 12. Bg3 Ngxe5 13. Nxe5 Bf6 14. f4 Nxe5 15. fxe5
Bxe5 16. Bxe5 Rxe5 17. Qd4 Qe7 18. Kd2 Bf5 19. Bd3 Bxd3 20. Kxd3 Rf8 21. Rae1 b6
22. Re2 bxc5 23. Qxc5 Qb7 24. Rf1 Qa6+ 25. b5 cxb5 26. Qb4 Rc8 27. Kd2 f6 28.
Rf4 Qc6 29. Rd4 Kh8 30. Qb3 a5 31. Re1 Rg5 32. g3 Rf5 33. Rf4 Rh5 34. h4 Re5 35.
Ne2 a4 36. Qd3 Qd6 37. Rb1 Rce8 38. Rf3 Qe6 39. Nf4 Qg4 40. Ng6+ Kg8 41. Nxe5
Rxe5 42. Rbf1 Re8 43. Qxb5 Rc8 44. Qxd5+ Kh8 45. e4 Qg6 46. Qd7 Rb8 47. Qxa4 Qf7
48. Rd3 Qa2+ 49. Ke3 Qg2 50. Rf3 Qg1+ 51. Kf4 Qc1+ 52. Kg4 g6 53. Qd1 Qc8+ 54.
Rd7 Rb1 55. Qd6 f5+ 56. Kh3 1-0

[Event "Chigorin Memorial 2014"]
[Site "St Petersburg RUS"]
[Date "2014.10.22"]
[Round "5.159"]
[White "Soldatov, Arnold"]
[Black "Zhemchuzhina, Elizaveta"]
[Result "1-0"]
[WhiteElo "1984"]
[BlackElo "1810"]
[WhiteFideId "24135623"]
[BlackFideId "34106607"]
[EventDate "2014.10.18"]

1. e4 c5 2. Nf3 e6 3. d4 cxd4 4. Nxd4 Nf6 5. Bd3 e5 6. Nf3 Nc6 7. Bg5 Be7 8. Nc3
Qb6 9. a3 Ng4 10. O-O Bc5 11. Qe2 f6 12. Bh4 g5 13. Na4 Qa5 14. b4 Qd8 15. bxc5
gxh4 16. Nxh4 d6 17. Nf5 Bxf5 18. exf5 h5 19. h3 Nd4 20. Qd1 Nh6 21. c3 Nc6 22.
Be4 Nf7 23. Bd5 Qe7 24. Bxf7+ Qxf7 25. cxd6 O-O-O 26. Nc5 Rhg8 27. d7+ Kb8 28.
Rb1 Na5 29. Qd6+ Ka8 30. Rfd1 Rg7 31. Ne6 Qxd7 32. Nc7+ 1-0

[Event "Chigorin Memorial 2014"]
[Site "St Petersburg RUS"]
[Date "2014.10.22"]
[Round "5.160"]
[White "Tonkoshkur, Daniil"]
[Black "Koshil, Tikhon"]
[Result "0-1"]
[WhiteElo "1721"]
[BlackElo "1975"]
[WhiteFideId "4146310"]
[BlackFideId "4126637"]
[EventDate "2014.10.18"]

1. d4 Nf6 2. Nf3 g6 3. Nbd2 d5 4. c4 c6 5. g3 Bg7 6. Bg2 O-O 7. O-O Bf5 8. b3
Ne4 9. Bb2 Nd7 10. Nh4 Nxd2 11. Qxd2 Be6 12. Qc2 Rc8 13. Rad1 f5 14. Nf3 Nf6 15.
Ne5 Ne4 16. f3 Nd6 17. c5 Nf7 18. Nd3 g5 19. Rfe1 Qc7 20. e4 fxe4 21. fxe4 Bg4
22. Rd2 e6 23. Nf2 Bh5 24. Bh3 Rce8 25. Bg4 Bg6 26. Rde2 h5 27. Bh3 g4 28. Bg2
Ng5 29. Qd1 Qf7 30. Bc1 Nf3+ 31. Bxf3 gxf3 32. Rc2 dxe4 33. Nxe4 Bxe4 34. Rxe4
f2+ 35. Kf1 Qf5 36. Rf4 Qh3+ 37. Kxf2 Qxh2+ 38. Kf3 Qh3 39. Qg1 e5 40. dxe5 Bxe5
41. Rxf8+ Rxf8+ 42. Ke3 Bf4+ 43. Kd4 Bxc1 44. Rxc1 Qg4+ 45. Kc3 Rf3+ 46. Kb2
Rxg3 47. Qe1 Rg2+ 48. Ka3 Qe2 49. Qxe2 Rxe2 50. Rg1+ Kh7 51. Rg5 Kh6 52. Rg8 Re7
53. Kb4 h4 54. Kc4 h3 55. Rg1 h2 0-1

[Event "Chigorin Memorial 2014"]
[Site "St Petersburg RUS"]
[Date "2014.10.22"]
[Round "5.161"]
[White "Lyubokhiner, Leonid M."]
[Black "Petrushev., Nikita"]
[Result "0-1"]
[WhiteElo "1709"]
[BlackElo "1974"]
[WhiteFideId "4183665"]
[BlackFideId "34117803"]
[EventDate "2014.10.18"]

1. e4 c5 2. Nf3 Nc6 3. d4 cxd4 4. Nxd4 g6 5. Be3 Nf6 6. Nc3 Bg7 7. f3 O-O 8.
Nxc6 bxc6 9. Bc4 Qc7 10. Bb3 Rd8 11. Qd2 Bb7 12. O-O-O d5 13. exd5 Nxd5 14. Nxd5
cxd5 15. Bf4 Qc6 16. Rhe1 a5 17. a4 e6 18. Qe3 Rac8 19. Kb1 Ba6 20. h4 d4 21.
Qe4 Qb6 22. Be5 Bxe5 23. Qxe5 Rc5 24. Qf6 d3 25. Ka2 Rb8 26. Rxe6 Qc7 27. Re7
Rf5 28. Rxc7 Rxf6 29. cxd3 Rb4 30. d4 Rfb6 31. Rc3 Kf8 32. d5 Rxh4 33. Rc6 Rhb4
34. Rxb6 Rxb6 35. d6 Ke8 36. d7+ Kd8 37. Bxf7 Rf6 38. Be8 Rc6 39. Rd2 Bc4+ 40.
b3 Be6 41. g4 g5 42. Kb2 Rb6 43. Rd3 Rb8 44. Rc3 Ke7 45. Kc2 h6 46. Bg6 Kxd7 47.
Be4 Rb4 48. Rd3+ Ke7 49. Bd5 Bd7 50. Kc3 Rf4 51. Rd4 Rf8 52. Re4+ Kd6 53. Rd4
Ke5 54. Bb7 Be6 55. Re4+ Kd6 56. Re1 Rb8 57. Rd1+ Ke5 58. Re1+ Kf6 59. Rxe6+
Kxe6 60. Be4 Rb4 61. Bh7 Ke5 62. Be4 Kf4 63. Bd5 Ke3 64. Be4 Ke2 65. Bd5 Ke3 66.
Bc6 Kf4 67. Bd5 Ke5 68. Bc6 Kd6 69. Be4 Kc5 70. Bg6 Rb6 71. Bf5 Rd6 72. Bh7 Rf6
73. Be4 Rd6 74. Bh7 Re6 75. Be4 Rf6 76. Bb7 h5 77. gxh5 Rh6 78. Bc8 Rxh5 79. Kd3
Kb4 80. Be6 Rh4 81. Ke3 Kc3 82. Bf7 Rb4 83. Be6 Rxb3 84. f4 gxf4+ 85. Kxf4 Rb4+ 0-1

[Event "Chigorin Memorial 2014"]
[Site "St Petersburg RUS"]
[Date "2014.10.22"]
[Round "5.162"]
[White "Rubtsov, Aleksandr"]
[Black "Bezhenar, Georgy"]
[Result "1-0"]
[WhiteElo "1666"]
[BlackElo "1969"]
[WhiteFideId "34179272"]
[BlackFideId "24137669"]
[EventDate "2014.10.18"]

1. e4 e6 2. d4 d5 3. Nc3 Bb4 4. e5 c5 5. a3 Bxc3+ 6. bxc3 Qc7 7. Qg4 f5 8. Qg3
cxd4 9. cxd4 Ne7 10. c3 O-O 11. f4 b6 12. Bd2 Ba6 13. Bxa6 Nxa6 14. Nf3 h6 15.
O-O Rac8 16. Nh4 Nb8 17. Ng6 Nxg6 18. Qxg6 Qf7 19. Qxf7+ Rxf7 20. a4 Nc6 21. Kf2
Na5 22. Ke2 Rc4 23. Rfb1 Rfc7 24. Rb5 R4c6 25. Rab1 Nc4 26. R1b3 Na5 27. Ra3 Kf7
28. g3 Kg6 29. h3 Kh5 30. Be1 g5 31. Kf3 Kg6 32. Rb1 Rc4 33. Rb2 R4c6 34. Rg2 a6
35. h4 Nc4 36. Rb3 Rb7 37. hxg5 hxg5 38. g4 Rf7 39. fxg5 fxg4+ 40. Ke2 Kxg5 41.
Rh2 Rc8 42. Bh4+ Kg6 43. Bf6 Rh7 44. Rg2 Kf5 45. Rf2+ Kg6 46. Rg2 Rg8 47. Rxg4+
Kf7 48. Rxg8 Kxg8 49. Bd8 Rh2+ 50. Ke1 Ra2 51. Bxb6 Rxa4 52. Kd1 Ra1+ 53. Kc2 a5
54. Bc5 Kf7 55. Rb8 a4 56. Rf8+ Kg7 57. Rf6 Rh1 58. Rxe6 a3 59. Ra6 Rh2+ 60. Kb1
Rb2+ 61. Ka1 Rb3 62. Bb4 Rb2 63. Bxa3 Rc2 64. Bb4 Rc1+ 65. Ka2 Rc2+ 66. Kb3 Rb2+
67. Ka4 Ra2+ 68. Kb5 Rxa6 69. Kxa6 Kf7 70. Kb5 Ke6 71. Kc5 Ne3 72. Ba3 Nc4 73.
Bc1 Na5 74. Kb4 Nc6+ 75. Kb5 Ne7 76. Ba3 Nf5 77. Bc1 Ne7 78. Bf4 Nf5 79. Kc6
Ne7+ 80. Kc5 Nf5 81. c4 dxc4 82. d5+ Ke7 83. Kxc4 Ng7 84. Kc5 Ne8 85. Bh6 Kd7
86. e6+ Kc7 87. d6+ 1-0

[Event "Chigorin Memorial 2014"]
[Site "St Petersburg RUS"]
[Date "2014.10.22"]
[Round "5.163"]
[White "Shugalei, Mikhail"]
[Black "Mikhailov, Ivan"]
[Result "0-1"]
[WhiteElo "1649"]
[BlackElo "1959"]
[WhiteFideId "34158950"]
[BlackFideId "24153737"]
[EventDate "2014.10.18"]

1. e4 c5 2. a3 Nc6 3. Nf3 g6 4. c3 Nf6 5. Qc2 Bg7 6. b4 d6 7. Bb2 Bg4 8. Be2 O-O
9. h3 Bxf3 10. Bxf3 Rc8 11. O-O cxb4 12. axb4 d5 13. exd5 Nxd5 14. Qb3 e6 15. b5
Na5 16. Qa2 b6 17. d4 Qd7 18. Bxd5 exd5 19. Na3 Rfe8 20. Rfe1 Bf8 21. Rxe8 Rxe8
22. Qb1 Re2 23. Kf1 Qe6 24. Nc2 Nb3 25. Ne3 Rxe3 26. Qd1 Nxa1 27. fxe3 Qf5+ 28.
Ke2 Nc2 29. Qc1 Qe4 30. Kd2 Nxe3 31. Ke2 Qxg2+ 32. Kxe3 Bh6+ 0-1

[Event "Chigorin Memorial 2014"]
[Site "St Petersburg RUS"]
[Date "2014.10.22"]
[Round "5.164"]
[White "Azimov, Ilyas"]
[Black "Stroganov, Anatoly"]
[Result "1-0"]
[WhiteElo "1938"]
[BlackElo "1789"]
[WhiteFideId "24175226"]
[BlackFideId "4178955"]
[EventDate "2014.10.18"]

1. e4 c5 2. Nf3 d6 3. Bd3 g6 4. c3 Bg7 5. O-O Nc6 6. Bc2 e6 7. d3 Nge7 8. Be3
O-O 9. Qd2 b5 10. Bh6 a5 11. Bxg7 Kxg7 12. d4 Bb7 13. Qe3 Qb6 14. Nbd2 Rac8 15.
Rac1 Rc7 16. Nb3 c4 17. Nbd2 e5 18. Rfd1 h6 19. a4 f5 20. exf5 Nxf5 21. Bxf5
Rxf5 22. d5 Qxe3 23. fxe3 Na7 24. e4 Rf8 25. axb5 Nxb5 26. Ra1 Ra8 27. Ra4 Bc8
28. Rda1 Bd7 29. Rxa5 Rxa5 30. Rxa5 Kf6 31. Ne1 Ke7 32. Nc2 g5 33. Ne3 Na7 34.
Ndxc4 Bb5 35. Nf5+ Kd7 36. Nfxd6 Bxc4 37. Nxc4 Rxc4 38. Rxa7+ Kd6 39. Ra6+ Kd7
40. Rxh6 Rxe4 41. Kf2 Rf4+ 42. Ke3 Rf1 43. Rg6 Re1+ 44. Kd2 Rf1 45. Rxg5 Rf2+
46. Kd3 Kd6 47. b4 Kxd5 48. c4+ Ke6 49. h4 Rf4 50. g3 Rd4+ 51. Kc3 Rd1 52. Rg8
e4 53. h5 Kf7 54. Rg4 e3 55. Re4 Rh1 56. g4 Rh3 57. Kd3 Rg3 58. b5 Kg7 59. b6
Kh6 60. b7 e2+ 61. Kxe2 Rb3 62. Re7 Kg5 63. c5 1-0